000 00865nas a2200241 454500
001 22406
005 20260407193506.0
008 260407s1984####ag###########|||spa#d
003 AR-UNSa-BCEJYS
040 _aAR-UNSa-BCEJYS
_bspa
_cAR-UNSa-BCEJYS
080 _a338
_xSituación económica. Política económica. Gestión de la economía. Planificación de la economía. Producción. Servicios. Precios
245 1 0 _aBoletín Económico
_pLa Ley
264 1 _aBuenos Aires :
_bLa Ley
_c1984
310 _aFrecuencia: Mensual
942 _cSER
590 _aniveau_biblio:s niveau_hierar:1
100 1 _aLascano, Marcelo Ramón
650 _aEstadísticas económicas
650 _aFinanzas
650 _aIMPUESTOS
650 _aECONOMIA FINANCIERA
856 4 1 _uhttps://biblioeco.unsa.edu.ar/pmb/images/revistas/Boletin Economico.jpg
_yImagen de portada
_qimage/jpeg
999 _c8555
_d8555